000
00345 a2200121 4500
001
ART_43079
005
20260410161629.0
008
260409a
245
1
0
_a
¿Qué hay de nuevo en la gestión de costos?
100
1
_a
Smolje, Alejandro R.
700
1
_a
Lavolpe, Antonio
773
0
_t
Enfoques
_g
- Nº 7 (jul. 2017)
_w
REV416
999
_c
12286
_d
12286